Les Meilleurs buteurs de l'Equipe de France - Statistiques

Statistiques générales
  • Ce quiz a été pris 249 fois
  • Le résultat moyen est 12 sur 21
Statistiques - réponses
Nombre de buts
et période en EDF
Réponse % Correct
44 ( 2014 - ) Antoine Griezmann
99%
47 ( 2017 - ) Kylian Mbappé
99%
57 ( 2011- ) Olivier Giroud
99%
51 ( 1997-2010) Thierry Henry
97%
31 ( 1994-2006 ) Zinedine Zidane
93%
37 ( 2007-2022 ) Karim Benzema
91%
41 ( 1976-1987 ) Michel Platini
91%
34 ( 1998-2008 ) David Trezeguet
77%
30 ( 1953-1960 ) Just Fontaine
71%
16 ( 2006-2014 ) Franck Ribéry
68%
30 ( 1986-1995 ) Jean-Pierre Papin
60%
18 ( 1952-1962 ) Raymond Kopa
50%
28 ( 1993-2002 ) Youri Djorkaeff
50%
20 ( 1987-1995 ) Eric Cantona
42%
16 ( 1989-2000 ) Laurent Blanc
38%
26 ( 1999-2006 ) Sylvain Wiltord
37%
21 ( 1933-1938 ) Jean Nicolas
10%
20 ( 1920-1931 ) Paul Nicolas
10%
22 ( 1953-1961 ) Jean Vincent
9%
18 (1952-1961 ) Roger Piantoni
8%
19 ( 1944-1952 ) Jean Baratte
6%
Aucun quiz correspondant
Distribution des résultats
% des personnes avec chaque résultat
Percentile par nombre de réponses
Votre historique - résultats
Vous n’avez pas pris ce quiz